00987 a2200277 4500001000700000020001800007040003200025090001300057100001700070245004200087250001300129260001300142300003100155362000900186490001900195520027000214650001400484650001600498650002600514650001600540650001700556650001300573942000700586952009700593999001900690119946 a9780545304412 cEscola Canadense de Niteroi aS4 - LAN aLanders, Ace10aLEGO Stars Wars: Darth Maul's mission a1st. ed. aNew York a24 p.c2 x 0.64 x 20.32 cm0 a20110 aLEGO Star Wars aA long time ago, in a galaxy built brick-by-brick . . . Sith vs. Jedi! Darth Maul gets more than he bargained for when he's sent to capture Padme Amidala. Two Jedi, one force-sensitive orphan, and a whole Queen's entourage: so much for a simple kidnapping mission!  4aLEGO toys 4aOuter space 4aChildren's Literature 4aComic Books 4aSpace flight 4aTv Shows cBK 00104070a80.1b80.1d2024-02-09l0oS4 - LANpA17169r2024-02-09 21:15:40w2024-02-09yBK c119946d119946